Statistics for French Verbs in the Bible clickable 1

Click here to take the quiz!

General Stats

  • This quiz has been taken 7 times
  • The average score is 24 of 30

Answer Stats

HintAnswer% Correct
To loveAmier
100%
To shineBriller
100%
To askDemander
100%
To embraceEmbasser
100%
To sendEnvoyer
100%
To lieMentir
100%
To dieMourir
100%
To thinkPenser
100%
To breatheRespirer
100%
To saveSauver
100%
To seeVoir
100%
To drinkBoire
83%
To believeCroire
83%
To sleepDormir
83%
To listenEcouter
83%
To beEtre
83%
To makeFaire
83%
To eatManger
83%
To carryPorter
83%
To comeVenir
83%
To kissBaiser
67%
To denyNier
67%
To cryPleurer
67%
To prayPrier
67%
To kneelS’agenouiller
67%
To killTuer
67%
To shoutCrier
50%
To fastJeûner
50%
To allowPremettre
50%
To fearCraindre
17%

Score Distribution

Percentile by Number Answered

Percent of People with Each Score

Your Score History

You have not taken this quiz